The Book of British Humour
Αποθηκεύτηκε σε:
| Κύριος συγγραφέας: | |
|---|---|
| Άλλοι συγγραφείς: | , |
| Μορφή: | Βιβλίο |
| Γλώσσα: | English |
| Δημοσίευση: |
Harlow, Essex :
Longman,
1987
|
| Σειρά: | Longman structural readers. Background ;
; Stage 4 |
| Θέματα: | |
| Ετικέτες: |
Προσθήκη ετικέτας
Δεν υπάρχουν, Καταχωρήστε ετικέτα πρώτοι!
|
MARC
| LEADER | 00000nam a2200000 i 4500 | ||
|---|---|---|---|
| 001 | 1/40128 | ||
| 008 | 941103s1987 eng d | ||
| 020 | |a 0-582-53695-2 | ||
| 035 | |a 1988 |c ΔΑΡΖΕΝΤΑ |l 10041177 | ||
| 040 | |a GR-MY-UA |b gre |e aacr | ||
| 041 | 0 | |a eng | |
| 082 | 0 | |a 428.64 | |
| 100 | 1 | |a King, Judith. | |
| 245 | 1 | 4 | |a The Book of British Humour / |c Compiled by Judith King, Ronald Ridout and D.K. Swan |
| 260 | |a Harlow, Essex : |b Longman, |c 1987 | ||
| 300 | |a 58 p.; |b ill.; |c 20 cm. | ||
| 490 | 1 | |a Longman structural readers. Background |v ; Stage 4 | |
| 650 | 0 | 0 | |a English language |x Readers. |
| 650 | 0 | 0 | |a English language |v Textbooks for foreign speakers. |
| 700 | 1 | |a Ridout, Ronald. | |
| 700 | 1 | |a Swan, D. K. | |
| 830 | 0 | |a Longman structural readers. Background ; |v ; Stage 4 | |
| 852 | |a INST |b SAMOS |e 19941103 |h 428.64 KIN |p 005300002921 |q 005300002921 |t BK |y 0 | ||
| 909 | |a Σ |b 010121 | ||